| 000 | 00360nam a2200145 a 4500 | ||
|---|---|---|---|
| 008 | 991019s1952||||xx 0 und c | ||
| 040 |
_aSNK _bslo _cSNK _eAACR2 |
||
| 100 | 1 | _aPlechanov, G. | |
| 245 | 1 | 0 |
_aUmenie a spoločnosť _bOtázky umenia 3 |
| 260 |
_aBratislava _bTatran _c1952 |
||
| 300 | _a432 s. | ||
| 020 | _c22,40 | ||
| 041 | _aslo | ||
| 044 |
_axo _cSK |
||
| 999 |
_c15108 _d15108 |
||